000 00441nam a2200157Ia 4500
999 _c22343
_d22343
003 OSt
005 20200611131357.0
008 190216s9999||||xx |||||||||||||| ||und||
040 _coclc
082 _a297
_bFAI/V
100 _aFaizee, K Yoosuf
_92787
245 0 _aVazhivilakkaukal /
_cK Yoosuf Faizee
260 _bPoomkavanam Books Publishers,
_c1993.
300 _a84p
942 _cBK
_2ddc
_h297
_iFAI/V
_k297
_mFAI/V